000 05659nam a2200433 i 4500
999 _c200437920
_d56132
003 TR-AnTOB
005 20230908000947.0
007 ta
008 171111s2018 xxu e mmmm 00| 0 eng d
035 _a(TR-AnTOB)200437920
040 _aTR-AnTOB
_beng
_erda
_cTR-AnTOB
041 0 _atur
099 _aTEZ TOBB FBE MAK YL’19 SÜE
100 1 _aSüer, Tacettin Utku
_eauthor
_9127309
245 1 0 _aSıvı yakıtlı bir roket motorunun rejeneratif yöntemle hesaplamalı akışkanlar dinamiği ve eşlenik ısı transferi kullanılarak soğutulması /
_cTacettin Utku Süer ; thesis advisor Sıtkı Uslu.
246 1 1 _aHybrid flow shop scheduling with learning effect under uncertain process times
264 1 _aAnkara :
_bTOBB ETÜ Fen Bilimleri Enstitüsü,
_c2019.
300 _axiv, 69 pages :
_billustrations ;
_c29 cm
336 _2rdacontent
_btxt
_atext
337 _2rdamedia
_bn
_aunmediated
338 _2rdacarrier
_bnc
_avolume
502 _aTez (Yüksek Lisans Tezi)--TOBB ETÜ Fen Bilimleri Enstitüsü Kasım 2019
520 _aRejeneratif soğutma, sıvı yakıtlı roket motorlarının soğutulması için kullanılan bir yöntemdir. Roket motor duvarlarını soğutmak için sıvı yakıt (bazı motorlarda oksitleyici) duvarların içinde bulunan soğutma kanallarından geçerek duvarın motor boyunca soğumasını sağlar ve duvarların zarar görebileceği sıcaklığa ulaşmasını önler. Genel olarak en kritik yer, en yüksek ısı akısının meydana geldiği roket motoru yakınsak-ıraksak lülesinin boğaz bölgesidir. Rejeneratif olarak adlandırılan bu yöntem ile kanaldan geçen yakıtın sıcaklığı enjektöre kadar sürekli artar ve böylece yakıtın iç enerjisi yükselmiş olur ve bu olay yanma verimliliğine ve kararlığına olumlu yönde etki eder. Ancak, rejeneratif soğutma işlemi, kanaldan geçen yanıcı basıncının düşmesine neden olur. Bu nedenlerden dolayı, rejeneratif soğutma işleminde en iyi verimi elde etmek için düşük basınç kaybı ve düşük duvar sıcaklığı hedeflenmelidir. Wadel ve Meyer'in çalışmaları simülasyonların doğrulanması için kullanılmıştır. Rejeneratif soğutma analizlerinde zamandan bağımsız 3 boyutlu, türbülanslı Hesaplamalı Akışkanlar Dinamiği farklı türbülans modelleri ve eşlenik ısı transferi ticari bir yazılım kullanılarak çözülmüştür. Yanma sonucu oluşmuş sıcak gaz karışımından kaynaklanan ısı akısı Bartz denklemi kullanılarak modellenmiştir. Rejeneratif soğutma analizleri için, literatürdeki çalışmalar incelenmiş ve deneysel sonuçlar ile karşılaştırılmıştır. Doğrulama çalışmasından sonra, yakıt dağıtıcısının rejeneratif soğutma kanallarına yakıtı nominal kütlesel debiden farklı dağıttığı koşulların soğutmaya olan etkisi incelenmiştir. Rejeneratif soğutma kanallarından bir tanesinin tıkanması durumunda roket motor duvarındaki sıcaklık değişimleri araştırılmıştır. Bunlara ek olarak, soğutma kanallarının sayısı ve boy-en oranı için farklı geometrik konfigürasyonların soğutma üzerindeki etkileri incelenmiştir.
520 _aRegenerative cooling is a method used for cooling liquid fuel rocket engines. To cool the engine walls, the liquid fuel (oxidizer in some engines) passes through the cooling channels in the walls, allowing the wall to cool down along the engine and preventing the walls from reaching the temperature at which they may be damaged. In general, the most critical location is the throat region of the convergent-divergent nozzle, where the highest heat flux occurs. With this method, which is called regenerative cooling, the temperature of the fuel passing through the channel continuously increases up to the injector, thus increasing the internal energy of the fuel, which has a positive effect on combustion efficiency and stability. However, the regenerative cooling process causes the fuel pressure drop passing through the channel. For these reasons, to achieve the best efficiency in the regenerative cooling process, low pressure loss and low wall temperature should be targeted. Wadel and Meyer's studies are used to validate simulations. In the regenerative cooling analyzes, time-independent 3D, turbulence Computational Fluid Dynamics was solved using different turbulence models and conjugate heat transfer model using commercial software. The heat flux resulting from the combustion hot gas mixture was modeled using the Bartz equation. For regenerative cooling analyzes, the studies in the literature are examined and compared with the experimental results. After the validation study, the cooling effects of the differences from the nominal mass flow rate originating on the fuel manifold are investigated. In case of blockage of one of the regenerative cooling channels, temperature changes in the wall of rocket engine are studied. Additionally, the effects of different geometric configurations on cooling were investigated for the number and aspect ratio of the cooling channels.
650 7 _aTezler, Akademik
_932546
653 _aRejeneratif soğutma
653 _aSıvı yakıtlı roket motoru
653 _aSoğutma kanalı
653 _aEşlenik ısı transferi
653 _aRegenerative cooling
653 _aLiquid rocket engine
653 _aCooling channel
653 _aConjugate heat transfer
700 1 _aUslu, Sıtkı
_9125246
_eadvisor
710 _aTOBB Ekonomi ve Teknoloji Üniversitesi.
_bFen Bilimleri Enstitüsü
_977078
856 4 0 _uhttps://tez.yok.gov.tr/
_3Ulusal Tez Merkezi
942 _cTEZ
_2z